| 000 | 00966cam a2200193 4500 | ||
|---|---|---|---|
| 008 | 030107n2002 000 0 eng u | ||
| 035 | _a(Sirsi) u120933 | ||
| 245 | _aLavery (VO) v Leeds CC | ||
| 260 | _c2002 | ||
| 490 |
_aRating Appeals _v{2002] RA 165-188(13) |
||
| 520 | _aLT 8 October 2002. Valuation Officer L appealed against a valuation tribunals assessment of the rateable value of Leeds District Magistrates Court at £657 000. LT accepted L's contractors basis valuation . Rateable value should be £792 500. Appeal allowed. Full copy of decision is available on Lands Tribunal website http://www.courtservice.gov.uk/tribunals/lands/decisions/dec-ra-403-95.htm | ||
| 650 | _aLAVERY V LEEDS CC | ||
| 650 | _aMAGISTRATES COURT | ||
| 650 | _aRATEABLE VALUE | ||
| 650 | _aCONTRACTORS BASIS | ||
| 690 | _aRATING AND LOCAL TAXATION-CASE LAW | ||
| 856 | _uhttps://www.courtservice.gov.uk/tribunals/lands/decisions/dec-ra-403-95.htm | ||
| 942 | _n0 | ||
| 999 |
_c71886 _d71886 |
||